000 00579cab a2200217 4500
001 ABS52130
008 090401t1995 xxu||||| |||| 00| 0 eng d
035 _a(Sirsi) u62645
041 _aeng
245 _aTaking Buildmark into the 21st century
260 _c1995
350 _a0
490 _aHouse Builder
_v54(1) January 1995, 11-12(2)
520 _aReviews the latest improvements to the NHBC`s Buildmark scheme.
650 _aNHBC BUILDMARK
650 _aSTRUCTURAL WARRANTIES
650 _aWARRANTIES
690 _aHOUSING
942 _n0
948 _c04/03/1997
999 _c38900
_d38900